000 00780nam a2200325Ia 4500
003 OSt
005 20220912144544.0
006 a|||||r|||| 00| 0
007 ta
008 220909b |||||||| |||| 00| 0 eng d
020 _a0000000000 (pbk)
020 _aSL00859676
024 _a188852
037 _cTextual
040 _aCSL
_beng
_cCSL
041 _aeng
082 _aB7, L8;M1;1
100 _aMathur D S
245 0 _aMechanics
260 _aNew Delhi
_b S Chand
_c1981
300 _axv, 818p.
650 _a Conservation law
650 _a Harmonic oscillator
650 _a Relativity
650 _aVectors
700 _aMathur D S
942 _hB7, L8;M1;1
_cTEXL
_2CC
999 _c11879
_d11879